Central Library OPAC University of Rajshahi

Recent results in information theory / (Record no. 52167)

MARC details
000 -LEADER
fixed length control field 00910nam a22002532 4500
001 - CONTROL NUMBER
control field 52167
003 - CONTROL NUMBER IDENTIFIER
rucl marc code BD-RJUL
005 - DATE AND TIME OF LATEST TRANSACTION
control field 20211209075749.0
008 - FIXED-LENGTH DATA ELEMENTS--GENERAL INFORMATION
fixed length control field 160906s1966 xx 000 0 eng d
035 ## - SYSTEM CONTROL NUMBER
System control number BD-RJUL 52287
040 ## - CATALOGING SOURCE
Original cataloging agency KSU
Transcribing agency KSU
Modifying agency EQO
Language of cataloging eng
041 ## - LANGUAGE CODE
Language code of text/sound track or separate title eng
082 ## - DEWEY DECIMAL CLASSIFICATION NUMBER
Edition number 23
Classification number 519.7
Author mark and year KOR 1966
100 1# - MAIN ENTRY--PERSONAL NAME
Personal name Kotz, Samuel.
9 (RLIN) 153923
245 10 - TITLE STATEMENT
Title Recent results in information theory /
Statement of responsibility, etc. by S. Kotz.
260 ## - PUBLICATION, DISTRIBUTION, ETC. (IMPRINT)
Place of publication, distribution, etc. London :
Name of publisher, distributor, etc. Methuen,
Date of publication, distribution, etc. [1966]
300 ## - PHYSICAL DESCRIPTION
Pagination 96 p. :
Illustrations ill. ;
Size 25 cm.
490 1# - SERIES STATEMENT
Series statement Methuen's monographs on applied probability and statistics. Supplementary review series in applied probability ;
Volume/sequential designation v.5
504 ## - BIBLIOGRAPHY, ETC. NOTE
Bibliography, etc Bibliography: p. 84-93.
650 #0 - SUBJECT ADDED ENTRY--TOPICAL TERM
Topical term or geographic name as entry element Information theory.
9 (RLIN) 156045
830 #0 - SERIES ADDED ENTRY--UNIFORM TITLE
Uniform title Methuen's monographs on applied probability and statistics. Supplementary review series in applied probability ;
Volume number/sequential designation v.5
942 ## - ADDED ENTRY ELEMENTS (KOHA)
Source of classification or shelving scheme Dewey Decimal Classification
Koha item type Books
Holdings
Lost status Source of classification or shelving scheme Damaged status Not for loan Collection code Permanent Location Current Location Shelving location Date acquired Source of acquisition Cost, normal purchase price Total Checkouts Full call number Date last seen Copy number Koha item type
  Dewey Decimal Classification     Non-fiction Central Library, University of Rajshahi Central Library, University of Rajshahi   03/07/1970 Book view 20.00   519.7 KOR 1966 06/09/2016 C-2 Books